Normal view MARC view
  • Rafay Ahmed Khan, Syed Hassaan Tauqeer

Entry Personal Name

Number of records used in: 3

001 - CONTROL NUMBER

  • control field: 4159

003 - CONTROL NUMBER IDENTIFIER

  • control field: NUST

005 - DATE AND TIME OF LATEST TRANSACTION

  • control field: 20170824123124.0

008 - FIXED-LENGTH DATA ELEMENTS

  • fixed length control field: 170824|| aca||aabn | a|a d

040 ## - CATALOGING SOURCE

  • Original cataloging agency: NUST
  • Transcribing agency: NUST

100 ## - HEADING--PERSONAL NAME

  • Personal name: Rafay Ahmed Khan, Syed Hassaan Tauqeer

670 ## - SOURCE DATA FOUND

  • Source citation: Work cat.: (NUST): Rafay Ahmed Khan, Syed Hassaan Tauqeer, Fish biodiversity estimation by low-cost non-destructive video based sampling (FIBEVID), 2017
© 2023 Central Library, National University of Sciences and Technology. All Rights Reserved.